000 00617nam a22002297a 4500
003 UA-OsUOA
001 95913
007 ta
008 20130312b un ||||| |||| 00| 0 ukr d
100 _aКулькин Е.
090 _a821.161.1
_bК90
942 _cBK
040 _aUA-OsUOA
_brus
_cUA-OsUOA
_dUA-OsUOA
245 _aДуга с колокольчиком
_bрассказы
300 _a285 с.
955 _a3
041 _arus
080 _a821.161.1
260 _aМ.
_bСовременник
_c1988
650 7 _a82 Література. Літературознавство
_2UDC
999 _c382159
_d382159